00328nam a22001217a 450000500170000000800410001704000070005804100120006508200200007710000150009724500650011265000290017720240319144345.0240319b ||||| |||| 00| 0 eng d cAL aEnglish 223a658.8bPERS aSatheesh C aPersonal Selling: A Case Study of Apsons Marketing Kozhikode aProject Report 1999-2000